<?xml version="1.0" encoding="UTF-8"?><marc:collection xmlns:marc="http://www.loc.gov/MARC21/slim">
  <marc:record>
    <marc:leader>00000nam  2200000zi 4500</marc:leader>
    <marc:controlfield tag="001">9.581563</marc:controlfield>
    <marc:controlfield tag="003">CaOODSP</marc:controlfield>
    <marc:controlfield tag="005">20220204125044</marc:controlfield>
    <marc:controlfield tag="006">m     o  d f      </marc:controlfield>
    <marc:controlfield tag="007">cr mn|||||||||</marc:controlfield>
    <marc:controlfield tag="008">150406t19751975onca    ob   f001 0 eng d</marc:controlfield>
    <marc:datafield tag="020" ind1=" " ind2=" ">
      <marc:subfield code="a">0662014405 </marc:subfield>
      <marc:subfield code="q">(print)</marc:subfield>
    </marc:datafield>
    <marc:datafield tag="040" ind1=" " ind2=" ">
      <marc:subfield code="a">CaOODSP</marc:subfield>
      <marc:subfield code="b">eng</marc:subfield>
      <marc:subfield code="e">rda</marc:subfield>
      <marc:subfield code="c">CaOODSP</marc:subfield>
    </marc:datafield>
    <marc:datafield tag="086" ind1="1" ind2=" ">
      <marc:subfield code="a">Fs94-191E-PDF</marc:subfield>
    </marc:datafield>
    <marc:datafield tag="086" ind1="1" ind2=" ">
      <marc:subfield code="a">Fs94-191E</marc:subfield>
    </marc:datafield>
    <marc:datafield tag="100" ind1="1" ind2=" ">
      <marc:subfield code="a">Ricker, W. E. </marc:subfield>
      <marc:subfield code="q">(William Edwin), </marc:subfield>
      <marc:subfield code="d">1908-2001 </marc:subfield>
      <marc:subfield code="e">author.</marc:subfield>
    </marc:datafield>
    <marc:datafield tag="245" ind1="1" ind2="0">
      <marc:subfield code="a">Computation and interpretation of biological statistics of fish populations / </marc:subfield>
      <marc:subfield code="c">W.E. Ricker.</marc:subfield>
    </marc:datafield>
    <marc:datafield tag="264" ind1=" " ind2="1">
      <marc:subfield code="a">Ottawa : </marc:subfield>
      <marc:subfield code="b">Department of the Environment, Fisheries and Marine Service, </marc:subfield>
      <marc:subfield code="c">1975.</marc:subfield>
    </marc:datafield>
    <marc:datafield tag="264" ind1=" " ind2="4">
      <marc:subfield code="c">©1975</marc:subfield>
    </marc:datafield>
    <marc:datafield tag="300" ind1=" " ind2=" ">
      <marc:subfield code="a">1 online resource (xviii, 382 pages) : </marc:subfield>
      <marc:subfield code="b">illustrations.</marc:subfield>
    </marc:datafield>
    <marc:datafield tag="490" ind1="1" ind2=" ">
      <marc:subfield code="a">Bulletin ; </marc:subfield>
      <marc:subfield code="v">191</marc:subfield>
    </marc:datafield>
    <marc:datafield tag="500" ind1=" " ind2=" ">
      <marc:subfield code="a">Issued also in French under title: Calcul et interprétation des statistiques biologiques des populations de poissons.</marc:subfield>
    </marc:datafield>
    <marc:datafield tag="500" ind1=" " ind2=" ">
      <marc:subfield code="a">"Catalogue No. 94-191."</marc:subfield>
    </marc:datafield>
    <marc:datafield tag="500" ind1=" " ind2=" ">
      <marc:subfield code="a">Digitized edition from print.</marc:subfield>
    </marc:datafield>
    <marc:datafield tag="500" ind1=" " ind2=" ">
      <marc:subfield code="a">Includes bibliographical references (pages 353-366) and index.</marc:subfield>
    </marc:datafield>
    <marc:datafield tag="590" ind1=" " ind2=" ">
      <marc:subfield code="a">15-03-Supp</marc:subfield>
      <marc:subfield code="b">2015-03-13</marc:subfield>
    </marc:datafield>
    <marc:datafield tag="650" ind1=" " ind2="0">
      <marc:subfield code="a">Fish populations</marc:subfield>
      <marc:subfield code="x">Statistical methods.</marc:subfield>
    </marc:datafield>
    <marc:datafield tag="710" ind1="2" ind2=" ">
      <marc:subfield code="a">Fisheries Research Board of Canada, </marc:subfield>
      <marc:subfield code="e">issuing body.</marc:subfield>
    </marc:datafield>
    <marc:datafield tag="775" ind1="0" ind2="8">
      <marc:subfield code="t">Calcul et interprétation des statistiques biologiques des populations de poissons / </marc:subfield>
      <marc:subfield code="w">(CaOODSP)9.907720</marc:subfield>
    </marc:datafield>
    <marc:datafield tag="776" ind1="0" ind2="#">
      <marc:subfield code="t">Computation and interpretation of biological statistics of fish populations / </marc:subfield>
      <marc:subfield code="w">(CaOODSP)9.616724</marc:subfield>
    </marc:datafield>
    <marc:datafield tag="830" ind1="#" ind2="0">
      <marc:subfield code="a">Bulletin (Fisheries Research Board of Canada)</marc:subfield>
      <marc:subfield code="v">191.</marc:subfield>
      <marc:subfield code="w">(CaOODSP)9.504777</marc:subfield>
    </marc:datafield>
    <marc:datafield tag="856" ind1="4" ind2="0">
      <marc:subfield code="a">http://publications.gc.ca</marc:subfield>
      <marc:subfield code="q">PDF</marc:subfield>
      <marc:subfield code="s">32.99 KB</marc:subfield>
      <marc:subfield code="u">https://publications.gc.ca/collections/collection_2015/mpo-dfo/Fs94-191-eng.pdf</marc:subfield>
      <marc:subfield code="y">Bulletin 91</marc:subfield>
    </marc:datafield>
  </marc:record>
</marc:collection>
